00446nam a2200169Ia 4500003000400000005001700004008004100021020001800062040000600080041000800086082001200094100001900106245004600125260004100171300002000212520004400232OSt20251117110547.0240719s9999 xx 000 0 und d a9780008534967 c1 aeng a823 JAC aJackson Holly  aA Good Girl's Guide to Murder (Set Of 3 ) aLondonbFarshore HarperCollinsc2021 a1456;. P. 22 CM aFaculty Purchase By Dr. Jitendra Sharma